|
|
|
|
| LEADER |
01323nam a22002657a 4500 |
| 001 |
33930 |
| 003 |
BD-DhAAL |
| 005 |
20181125115829.0 |
| 008 |
181108t2009 bg a|||| |||| 00| 0 ben d |
| 999 |
|
|
|c 40187
|d 40187
|
| 040 |
|
|
|a BD-DhAAL
|
| 041 |
|
|
|a ben
|
| 082 |
|
|
|2 23
|a 954.9205092
|
| 100 |
|
|
|a পলাশ, আমিরুজ্জামান
|9 28799
|
| 245 |
|
|
|a বাংলাদেশের ইতিহাস ও ঐতিহ্যে বঙ্গবন্ধু স্মৃতি জাদুঘর /
|c আমিরুজ্জামান পলাশ
|
| 260 |
|
|
|a ঢাকা :
|b ইত্যাদি গ্রন্থ প্রকাশ,
|c ২০০৯
|
| 300 |
|
|
|a ৯৩ পৃষ্ঠা :
|b চিত্র ;
|c ২১ সে.মি
|
| 504 |
|
|
|a গ্রন্থপঞ্জিগত নির্দেশিকা অন্তভূক্ত
|
| 526 |
|
|
|a AAL
|
| 541 |
|
|
|a Boibazar.com
|e 33930
|
| 600 |
|
|
|a Mujibur Rahman,
|c Sheikh,
|d 1920-1975
|x Bangabandhu Srity Jadughar
|9 28800
|
| 651 |
|
|
|a Bangladesh
|x Politics and government
|y 1971
|9 28801
|
| 852 |
|
|
|a Ayesha Abed Library
|c Bangabandhu Corner
|
| 942 |
|
|
|2 ddc
|c BK
|
| 952 |
|
|
|0 0
|1 0
|2 ddc
|4 0
|6 954_920509200000000_POL
|7 0
|9 64581
|a BRACUL
|b BRACUL
|c BNC
|d 2018-11-01
|e Boibazar.com
|g 106.00
|l 0
|o 954.9205092 POL
|p 3010033930
|r 2018-11-01
|t 1
|v 106.00
|w 2018-11-01
|y BK
|